Theory of networks and lines / (Record no. 1207)

MARC details
000 -LEADER
fixed length control field 00441nam a2200181Ia 4500
001 - CONTROL NUMBER
control field 35773
003 - CONTROL NUMBER IDENTIFIER
control field IN-NITTTR
005 - DATE AND TIME OF LATEST TRANSACTION
control field 20251114232908.0
008 - FIXED-LENGTH DATA ELEMENTS--GENERAL INFORMATION
fixed length control field 251113s9999||||xx |||||||||||||| ||eng||
040 ## - CATALOGING SOURCE
Language of cataloging eng
040 ## - CATALOGING SOURCE
Transcribing agency IN-NITTTR
041 ## - LANGUAGE CODE
Language code of text/sound track or separate title eng
082 ## - DEWEY DECIMAL CLASSIFICATION NUMBER
Classification number 621.31921 P853T
100 ## - MAIN ENTRY--PERSONAL NAME
Personal name Potter, James L.
245 #0 - TITLE STATEMENT
Title Theory of networks and lines /
Statement of responsibility, etc. Potter, James L., Fich, Sylyan
700 ## - ADDED ENTRY--PERSONAL NAME
Personal name Fich, Sylyan
942 ## - ADDED ENTRY ELEMENTS (KOHA)
Source of classification or shelving scheme Dewey Decimal Classification
Koha item type Books

No items available.